000 00617 a2200169 4500
003 NUST
005 20230102140418.0
040 _cNust
082 _a370,WAT
100 _aWatts, Frank
_9106647
245 _aEducational for self-realisations and social service /
_cFrank Watts
260 _aLondon
_bUniversty press
_c1920
300 _a275, p:
505 _aPart 1:- The School the Scholar and the Social Order (Page-1), Modern Western Educational Theory (Page-69), The Phsiology of Child Development (Page-107).
650 _aEducational for self realtions and social service
_9106648
942 _2ddc
_cBK
_k370,WAT
999 _c185780
_d185780